000 00761nas a2200253 4500
001 BR2011000813
003 BR-BrBNA
005 20231205114426.0
007 ta
008 230509b bl.|||p| |||| 00| 00por d
040 _aBR-BrBNA
_bpor
_cBiblioteca Nacional de Agricultura
041 _a(Pt)
072 _aF60
100 1 _aSilva, E.D.
100 1 _aVieira, M.F.
100 1 _aBittencourt Junior, N.S.
100 1 _aGarcia, F.C.P.
245 1 _aPolimorfismo floral em Valeriana scandens L. (Valerianaceae)
650 _aVALERIANACEAE
650 _aPOLIMORFISMO
773 0 _tActa Botanica Brasilica (Brazil)
_xISSN 0102-3306
_g(Jul-Sep 2010), v. 24(3) p. 871-876
_wBR2011000813
909 _a202311
_bLúcia
_c55
_dLúcia Elande
942 _2AGRIS
_n0
_cANA
999 _c208720
_d208720